Горе от ума; Пьесы; Пьесы

Մատենագիտական մանրամասներ
Հիմնական հեղինակ: Грибоедов А. С. Александр Сергеевич
Այլ հեղինակներ: Медведева И. (автор предисловия)
Լեզու:ռուսերեն
Հրապարակվել է: Москва, Художественная литература, 1974
Copublished:А. В. Сухово-Кобылин. Пьесы; А. Н. Островский. Пьесы
Շարք:Библиотека всемирной литературы Т. 79
Серия вторая. Литература XIX века
Խորագրեր:
Ձևաչափ: MixedMaterials Գիրք
KOHA link:https://koha.lib.tpu.ru/cgi-bin/koha/opac-detail.pl?biblionumber=182074

MARC

LEADER 00000nam0a2200000 4500
001 182074
005 20231101223650.0
035 |a (RuTPU)RU\TPU\book\197357 
090 |a 182074 
100 |a 20100616d1974 m y0rusy50 ca 
101 0 |a rus 
102 |a RU 
105 |a a z 000ay 
200 1 |a Горе от ума  |f А. С. Грибоедов  |g авт. предисл. И. Медведева 
210 |a Москва  |c Художественная литература  |d 1974 
215 |a 832 с.  |c ил. 
225 1 |a Библиотека всемирной литературы  |v Т. 79 
225 1 |a Серия вторая. Литература XIX века 
320 |a Примечания: с. 803-830 
423 |t Пьесы  |f А. В. Сухово-Кобылин 
423 |t Пьесы  |f А. Н. Островский  |a Островский, Александр Николаевич 
610 1 |a русская литература 
610 1 |a пьесы 
610 1 |a драматургия 
610 1 |a комедии 
675 |a Р1  |v 3 
700 1 |a Грибоедов  |b А. С.  |c русский писатель и дипломат  |f 1791-1829  |g Александр Сергеевич  |2 stltpush  |3 (RuTPU)RU\TPU\pers\244  |9 124 
702 1 |a Медведева  |b И.  |4 080 
801 1 |a RU  |b 63413507  |c 20100616 
942 |c BK